Las legiones malditas / (Registro nro. 32044)

Detalles MARC
000 -CABECERA
Longitud fija campo de control 00823nam a2200253 a 4500
003 - • IDENTIFICADOR DELl NÚMERO DE CONTROL
Identificador del número de control CO-ViMGA
005 - • FECHA Y HORA DE LA ÚLTIMA TRANSACCIÓN
Fecha y hora de la última transacción 20230915233138.0
008 - • CÓDIGOS DE INFORMACIÓN DE LONGITUD FIJA
Códigos de información de longitud fija 080826s2008 sp ab gr 0001fdspa d
020 ## - • NÚMERO INTERNACIONAL NORMALIZADO PARA LIBROS
Número Internacional Normalizado para Libros (ISBN) 9788466637688
040 ## - FUENTE DE LA CATALOGACIÓN
Centro catalogador de origen CO-ViMGA
Lengua de catalogación spa
Centro transcriptor CO-ViMGA
043 ## - CÓDIGO DE ÁREA GEOGRÁFICA
Código de área geográfica e-sp---
-- e-it---
082 04 - • NÚMERO DE LA CLASIFICACIÓN DECIMAL DEWEY
Número de clasificación (R) 863.6 P677l
Número de edición 19
100 1# - • PUNTO DE ACCESO PRINCIPAL-NOMBRE DE PERSONA
Nombre de persona Posteguillo, Santiago,
Fechas asociadas al nombre 1967-
245 14 - • TITULO PROPIAMENTE DICHO
Título Las legiones malditas /
Mención de responsabilidad, etc. Santiago Posteguillo.
300 ## - • DESCRIPCIÓN FÍSICA
Extensión 855 p. :
Otras características físicas il., mapas ;
Dimensiones 23 cm.
504 ## - • NOTA DE BIBLIOGRAFÍA, ETC
Nota de bibliografía, etc. Incluye bibliografía.
600 16 - • PUNTO DE ACCESO ADICIONAL DE MATERIA - NOMBRE DE PERSONA
Nombre de persona Scipio, Africanus,
Fechas asociadas al nombre ca. 236-183 A. C.
650 14 - • PUNTO DE ACCESO ADICIONAL DE MATERIA - TÉRMINO DE MATERIA
Término de materia o nombre geográfico como elemento inicial Novela española.
651 ## - • PUNTO DE ACCESO ADICIONAL DE MATERIA - NOMBRE GEOGRÁFICO
Nombre geográfico Roma
Subdivisión de materia general Historia
Subdivisión de forma Novela.
651 ## - • PUNTO DE ACCESO ADICIONAL DE MATERIA - NOMBRE GEOGRÁFICO
Nombre geográfico Roma
Subdivisión de materia general Vida social y costumbres
Subdivisión de forma Novela.
942 ## - ENTRADA DE ELEMENTOS AGREGADOS (KOHA)
Fuente de clasificaión o esquema Dewey Decimal Classification
Koha [por defecto] tipo de item LIbro
Existencias
Perdido Fuente de clasificación o esquema Estado Físico No para préstamo Forma de adquisición Localización permanente Localización actual Fecha adquisición Serie de enumeración / cronolog&íacute;a Préstamos totales Signatura completa Código de barras Fecha última consulta Número de copia Fecha del precio de reemplazo Tipo de item de Koha Renovaciones totales Fecha último préstamo Localización en estanterías Note pública
        Sala General Biblioteca Pública Departamental Eduardo Carranza - Villavicencio Biblioteca Pública Departamental Eduardo Carranza - Villavicencio 04/16/2013     863.64 P67l ECA21967 11/26/2024 Ej.1 11/26/2024 LIbro     General 16401 | 21215
  Dewey Decimal Classification     Sala General Segundo Piso Biblioteca Pública Germán Arciniegas - Villavicencio Biblioteca Pública Germán Arciniegas - Villavicencio 12/04/2015 26/sep/2011   863.6 P677l 249445 12/04/2015 Ej. 1 12/04/2015 LIbro        
  Dewey Decimal Classification     Sala General Segundo Piso Biblioteca Pública Germán Arciniegas - Villavicencio Biblioteca Pública Germán Arciniegas - Villavicencio 08/23/2016   2 863.6 P677I 30702 11/13/2019 Ej. 1 08/23/2016 LIbro 1 03/04/2019    
  Dewey Decimal Classification     Sala General Segundo Piso Biblioteca Pública Germán Arciniegas - Villavicencio Biblioteca Pública Germán Arciniegas - Villavicencio 08/23/2016     863.6 P67I1 30702 - 2 11/28/2017 Ej. 2 11/28/2017 LIbro        









Instituto Departamental de Cultura del Meta - Red Departamental de Bibliotecas Públicas del Meta.